000 00230nam a22001097a 4500
040 _cHS
082 _a663
100 _aTAMMY FOSTER
245 _aBeverage quality and safety
260 _aNew York
_bTAMMY FOSTER
_c2003
942 _cEK
999 _c8633
_d8633